00160nam a22000737a 4500003000400000245003700004260003300041300001200074SGT aEuropean Journal of Oral Science bWilley Publisher c2009-2010 a780,650